<?xml version="1.0" encoding="UTF-8"?>
<record
    xmlns:xsi="http://www.w3.org/2001/XMLSchema-instance"
    xsi:schemaLocation="http://www.loc.gov/MARC21/slim http://www.loc.gov/standards/marcxml/schema/MARC21slim.xsd"
    xmlns="http://www.loc.gov/MARC21/slim">

  <leader>00372nam a22001577a 4500</leader>
  <controlfield tag="003">SGT</controlfield>
  <datafield tag="020" ind1=" " ind2=" ">
    <subfield code="a">9789339221904</subfield>
  </datafield>
  <datafield tag="082" ind1=" " ind2=" ">
    <subfield code="a">621.399 6,XIA</subfield>
  </datafield>
  <datafield tag="100" ind1=" " ind2=" ">
    <subfield code="a">XIANG,ZHIGANG</subfield>
  </datafield>
  <datafield tag="245" ind1=" " ind2=" ">
    <subfield code="a">SCHAUMS OUTLINE OF COMPUTER GRAPHICS </subfield>
  </datafield>
  <datafield tag="250" ind1=" " ind2=" ">
    <subfield code="a">2ND</subfield>
  </datafield>
  <datafield tag="260" ind1=" " ind2=" ">
    <subfield code="a">CHENNAI</subfield>
    <subfield code="b">MC GRAW HILL EDUCATION </subfield>
    <subfield code="c">2018</subfield>
  </datafield>
  <datafield tag="300" ind1=" " ind2=" ">
    <subfield code="a">347</subfield>
  </datafield>
  <datafield tag="650" ind1=" " ind2=" ">
    <subfield code="a">COMPUTER GRAPHICS </subfield>
  </datafield>
  <datafield tag="942" ind1=" " ind2=" ">
    <subfield code="2">ddc</subfield>
    <subfield code="c">BK</subfield>
    <subfield code="0">4</subfield>
  </datafield>
  <datafield tag="952" ind1=" " ind2=" ">
    <subfield code="0">0</subfield>
    <subfield code="1">0</subfield>
    <subfield code="2">ddc</subfield>
    <subfield code="4">0</subfield>
    <subfield code="7">0</subfield>
    <subfield code="8">ENGG</subfield>
    <subfield code="a">FE</subfield>
    <subfield code="b">FE</subfield>
    <subfield code="c">TXT</subfield>
    <subfield code="d">2019-06-17</subfield>
    <subfield code="e">KIRTI PRAKASHAN </subfield>
    <subfield code="g">610.00</subfield>
    <subfield code="i">SGTU</subfield>
    <subfield code="l">0</subfield>
    <subfield code="o">621.399 6,XIA</subfield>
    <subfield code="p">FE7301</subfield>
    <subfield code="r">2019-06-17 00:00:00</subfield>
    <subfield code="w">2019-03-29</subfield>
    <subfield code="y">BK</subfield>
    <subfield code="k">IN3435</subfield>
  </datafield>
  <datafield tag="952" ind1=" " ind2=" ">
    <subfield code="0">0</subfield>
    <subfield code="1">0</subfield>
    <subfield code="2">ddc</subfield>
    <subfield code="4">0</subfield>
    <subfield code="7">0</subfield>
    <subfield code="8">ENGG</subfield>
    <subfield code="a">FE</subfield>
    <subfield code="b">FE</subfield>
    <subfield code="c">TXT</subfield>
    <subfield code="d">2019-06-17</subfield>
    <subfield code="e">KIRTI PRAKASHAN </subfield>
    <subfield code="g">610.00</subfield>
    <subfield code="i">SGTU</subfield>
    <subfield code="l">3</subfield>
    <subfield code="m">1</subfield>
    <subfield code="o">621.399 6,XIA</subfield>
    <subfield code="p">FE7302</subfield>
    <subfield code="r">2026-05-25 10:33:23</subfield>
    <subfield code="s">2026-01-12</subfield>
    <subfield code="w">2019-03-29</subfield>
    <subfield code="y">BK</subfield>
    <subfield code="k">IN3435</subfield>
  </datafield>
  <datafield tag="952" ind1=" " ind2=" ">
    <subfield code="0">0</subfield>
    <subfield code="1">0</subfield>
    <subfield code="2">ddc</subfield>
    <subfield code="4">0</subfield>
    <subfield code="7">0</subfield>
    <subfield code="8">ENGG</subfield>
    <subfield code="a">FE</subfield>
    <subfield code="b">FE</subfield>
    <subfield code="c">TXT</subfield>
    <subfield code="d">2019-06-17</subfield>
    <subfield code="e">KIRTI PRAKASHAN </subfield>
    <subfield code="g">610.00</subfield>
    <subfield code="i">SGTU</subfield>
    <subfield code="l">0</subfield>
    <subfield code="o">621.399 6,XIA</subfield>
    <subfield code="p">FE7303</subfield>
    <subfield code="r">2019-06-17 00:00:00</subfield>
    <subfield code="w">2019-03-29</subfield>
    <subfield code="y">BK</subfield>
    <subfield code="k">IN3435</subfield>
  </datafield>
  <datafield tag="952" ind1=" " ind2=" ">
    <subfield code="0">0</subfield>
    <subfield code="1">0</subfield>
    <subfield code="2">ddc</subfield>
    <subfield code="4">0</subfield>
    <subfield code="7">0</subfield>
    <subfield code="8">ENGG</subfield>
    <subfield code="a">FE</subfield>
    <subfield code="b">FE</subfield>
    <subfield code="c">TXT</subfield>
    <subfield code="d">2019-06-17</subfield>
    <subfield code="e">KIRTI PRAKASHAN </subfield>
    <subfield code="g">610.00</subfield>
    <subfield code="i">SGTU</subfield>
    <subfield code="l">0</subfield>
    <subfield code="o">621.399 6,XIA</subfield>
    <subfield code="p">FE7304</subfield>
    <subfield code="r">2019-06-17 00:00:00</subfield>
    <subfield code="w">2019-03-29</subfield>
    <subfield code="y">BK</subfield>
    <subfield code="k">IN3435</subfield>
  </datafield>
  <datafield tag="952" ind1=" " ind2=" ">
    <subfield code="0">0</subfield>
    <subfield code="1">0</subfield>
    <subfield code="2">ddc</subfield>
    <subfield code="4">0</subfield>
    <subfield code="7">0</subfield>
    <subfield code="8">ENGG</subfield>
    <subfield code="a">FE</subfield>
    <subfield code="b">FE</subfield>
    <subfield code="c">TXT</subfield>
    <subfield code="d">2019-06-17</subfield>
    <subfield code="e">KIRTI PRAKASHAN </subfield>
    <subfield code="g">610.00</subfield>
    <subfield code="i">SGTU</subfield>
    <subfield code="l">0</subfield>
    <subfield code="o">621.399 6,XIA</subfield>
    <subfield code="p">FE7305</subfield>
    <subfield code="r">2019-06-17 00:00:00</subfield>
    <subfield code="w">2019-03-29</subfield>
    <subfield code="y">BK</subfield>
    <subfield code="k">IN3435</subfield>
  </datafield>
  <datafield tag="952" ind1=" " ind2=" ">
    <subfield code="0">0</subfield>
    <subfield code="1">0</subfield>
    <subfield code="2">ddc</subfield>
    <subfield code="4">0</subfield>
    <subfield code="5">1</subfield>
    <subfield code="7">1</subfield>
    <subfield code="8">ENGG</subfield>
    <subfield code="a">FE</subfield>
    <subfield code="b">FE</subfield>
    <subfield code="c">REF</subfield>
    <subfield code="d">2019-06-17</subfield>
    <subfield code="e">KIRTI PRAKASHAN </subfield>
    <subfield code="g">610.00</subfield>
    <subfield code="i">SGTU</subfield>
    <subfield code="o">621.399 6,XIA</subfield>
    <subfield code="p">FE7306</subfield>
    <subfield code="r">2019-06-17 00:00:00</subfield>
    <subfield code="w">2019-03-29</subfield>
    <subfield code="y">BK</subfield>
    <subfield code="k">IN3435</subfield>
  </datafield>
  <datafield tag="952" ind1=" " ind2=" ">
    <subfield code="0">0</subfield>
    <subfield code="1">0</subfield>
    <subfield code="2">ddc</subfield>
    <subfield code="4">0</subfield>
    <subfield code="7">0</subfield>
    <subfield code="8">ENGG</subfield>
    <subfield code="a">FE</subfield>
    <subfield code="b">FE</subfield>
    <subfield code="c">TXT</subfield>
    <subfield code="d">2019-06-17</subfield>
    <subfield code="e">KIRTI PRAKASHAN </subfield>
    <subfield code="g">610.00</subfield>
    <subfield code="i">SGTU</subfield>
    <subfield code="l">1</subfield>
    <subfield code="o">621.399 6,XIA</subfield>
    <subfield code="p">FE7307</subfield>
    <subfield code="r">2022-07-22 00:00:00</subfield>
    <subfield code="s">2022-07-08</subfield>
    <subfield code="w">2019-03-29</subfield>
    <subfield code="y">BK</subfield>
    <subfield code="k">IN3435</subfield>
  </datafield>
  <datafield tag="952" ind1=" " ind2=" ">
    <subfield code="0">0</subfield>
    <subfield code="1">0</subfield>
    <subfield code="2">ddc</subfield>
    <subfield code="4">0</subfield>
    <subfield code="7">0</subfield>
    <subfield code="8">ENGG</subfield>
    <subfield code="a">FE</subfield>
    <subfield code="b">FE</subfield>
    <subfield code="c">TXT</subfield>
    <subfield code="d">2019-06-17</subfield>
    <subfield code="e">KIRTI PRAKASHAN </subfield>
    <subfield code="g">610.00</subfield>
    <subfield code="i">SGTU</subfield>
    <subfield code="l">0</subfield>
    <subfield code="o">621.399 6,XIA</subfield>
    <subfield code="p">FE7308</subfield>
    <subfield code="r">2019-06-17 00:00:00</subfield>
    <subfield code="w">2019-03-29</subfield>
    <subfield code="y">BK</subfield>
    <subfield code="k">IN3435</subfield>
  </datafield>
  <datafield tag="952" ind1=" " ind2=" ">
    <subfield code="0">0</subfield>
    <subfield code="1">0</subfield>
    <subfield code="2">ddc</subfield>
    <subfield code="4">0</subfield>
    <subfield code="7">0</subfield>
    <subfield code="8">ENGG</subfield>
    <subfield code="a">FE</subfield>
    <subfield code="b">FE</subfield>
    <subfield code="c">TXT</subfield>
    <subfield code="d">2019-06-17</subfield>
    <subfield code="e">KIRTI PRAKASHAN </subfield>
    <subfield code="g">610.00</subfield>
    <subfield code="i">SGTU</subfield>
    <subfield code="l">1</subfield>
    <subfield code="o">621.399 6,XIA</subfield>
    <subfield code="p">FE7309</subfield>
    <subfield code="r">2022-07-15 00:00:00</subfield>
    <subfield code="s">2022-07-07</subfield>
    <subfield code="w">2019-03-29</subfield>
    <subfield code="y">BK</subfield>
    <subfield code="k">IN3435</subfield>
  </datafield>
  <datafield tag="952" ind1=" " ind2=" ">
    <subfield code="0">0</subfield>
    <subfield code="1">0</subfield>
    <subfield code="2">ddc</subfield>
    <subfield code="4">0</subfield>
    <subfield code="7">0</subfield>
    <subfield code="8">ENGG</subfield>
    <subfield code="a">FE</subfield>
    <subfield code="b">FE</subfield>
    <subfield code="c">TXT</subfield>
    <subfield code="d">2019-06-17</subfield>
    <subfield code="e">KIRTI PRAKASHAN </subfield>
    <subfield code="g">610.00</subfield>
    <subfield code="i">SGTU</subfield>
    <subfield code="l">0</subfield>
    <subfield code="o">621.399 6,XIA</subfield>
    <subfield code="p">FE7310</subfield>
    <subfield code="r">2019-06-17 00:00:00</subfield>
    <subfield code="w">2019-03-29</subfield>
    <subfield code="y">BK</subfield>
    <subfield code="k">IN3435</subfield>
  </datafield>
  <datafield tag="999" ind1=" " ind2=" ">
    <subfield code="c">18305</subfield>
    <subfield code="d">18305</subfield>
  </datafield>
</record>
